[Event "LIB-chT"]
[Site "Beirut"]
[Date "2025.01.12"]
[Round "4.2"]
[White "Sursock, Sameer"]
[Black "Barakat, Rafic"]
[Result "1-0"]
[WhiteElo "1976"]
[BlackElo "1940"]
[PlyCount "57"]
[EventDate "2025.01.09"]
[EventType "team-tourn"]
[EventRounds "9"]
[EventCountry "LBN"]
[SourceTitle "CB12_2025"]
[SourceDate "2025.03.19"]
[SourceVersion "1"]
[SourceVersionDate "2025.03.19"]
[SourceQuality "1"]
[WhiteTeam "Freres"]
[BlackTeam "Soviet"]
[WhiteTeamCountry "LBN"]
[BlackTeamCountry "LBN"]

1. Nf3 d5 2. g3 Nf6 3. Bg2 g6 4. 0-0 Bg7 5. d4 0-0 6. c4 c6 7. cxd5 cxd5 8. Nc3 Nc6 9. Bf4 Nh5 10. Rc1 Nxf4 11. gxf4 Qa5 12. Ne5 Rd8 13. e3 Be6 14. Qb3 f6 15. Qxb7 Nxe5 16. fxe5 fxe5 17. Qxe7 Re8 18. Qc5 Qxc5 19. dxc5 Rad8 20. c6 Re7 21. Nxd5 Rxd5 22. Bxd5 Bxd5 23. c7 Bb7 24. c8Q+ Bxc8 25. Rxc8+ Bf8 26. Rfc1 Rb7 27. R1c7 Rxb2 28. Rxa7 Rb6 29. a4 1-0

[Event "Dekweneh Keshmat op"]
[Site "Dekweneh"]
[Date "2022.07.23"]
[Round "9"]
[White "Moughames, Ronald"]
[Black "Sursock, Sameer"]
[Result "0-1"]
[WhiteElo "1734"]
[BlackElo "2002"]
[PlyCount "96"]
[EventDate "2022.07.13"]
[EventType "swiss"]
[EventRounds "9"]
[EventCountry "LBN"]
[SourceTitle "EXT 2023"]
[Source "ChessBase"]
[SourceDate "2022.10.05"]
[SourceVersion "1"]
[SourceVersionDate "2022.10.05"]
[SourceQuality "1"]

1. e4 c5 2. Nf3 Nc6 3. d4 cxd4 4. Nxd4 Nf6 5. Nc3 d6 6. f3 e5 7. Nb3 Be7 8. Be3 0-0 9. Qd2 Be6 10. Nd5 Bxd5 11. exd5 Nb8 12. Be2 Nbd7 13. 0-0 Nb6 14. c4 Nfd7 15. Na5 f5 16. Nxb7 Qc7 17. Na5 f4 18. Bf2 Bf6 19. Rac1 Nc5 20. b4 e4 21. fxe4 Nxe4 22. Qd3 Rae8 23. Bd4 Nd7 24. Bg4 Ndc5 25. Qd1 Bg5 26. Nc6 Nd7 27. Rc2 Ne5 28. Bxe5 dxe5 29. Na5 Qb6+ 30. Kh1 Qxb4 31. Nb3 Nc5 32. Qe1 Qxe1 33. Rxe1 Nd3 34. Re4 Rb8 35. c5 Nb4 36. Rxb4 Rxb4 37. d6 f3 38. gxf3 e4 39. Be6+ Kh8 40. Rc4 Rxc4 41. Bxc4 exf3 42. c6 Re8 43. h4 Bf4 44. Nd2 Re1+ 45. Bf1 Bxd2 46. c7 Rxf1+ 47. Kh2 Rc1 48. Kg3 Ba5 0-1

[Event "Beirut op 9th"]
[Site "Beirut"]
[Date "2017.10.07"]
[Round "9"]
[White "Sursock, Sameer"]
[Black "Wafa, Shahenda"]
[Result "1/2-1/2"]
[WhiteElo "2033"]
[BlackElo "2150"]
[PlyCount "82"]
[EventDate "2017.09.30"]
[EventType "swiss"]
[EventRounds "9"]
[EventCountry "LBN"]
[SourceTitle "CBM 181 Extra"]
[Source "ChessBase"]
[SourceDate "2017.12.12"]
[SourceVersion "1"]
[SourceVersionDate "2017.12.12"]
[SourceQuality "1"]

1. e4 c5 2. f4 Nc6 3. Nf3 g6 4. Bc4 Bg7 5. 0-0 e6 6. Nc3 Nge7 7. e5 d5 8. exd6 Nf5 9. Bb5 Qxd6 10. d3 0-0 11. Ne4 Qc7 12. c3 Nce7 13. g4 Nd6 14. Nxd6 Qxd6 15. Qe2 a6 16. Ba4 b5 17. Bc2 Bb7 18. Ne5 Nc6 19. a4 Nxe5 20. fxe5 Qxe5 21. Qxe5 Bxe5 22. Be3 c4 23. Bc5 Rfe8 24. d4 Bg7 25. Rae1 Rad8 26. h4 h6 27. axb5 axb5 28. b3 Bd5 29. bxc4 Bxc4 30. Be4 e5 31. Bc6 Re6 32. d5 Bxd5 33. Bxb5 Rc8 34. Bb4 Rf6 35. Rxf6 Bxf6 36. g5 hxg5 37. hxg5 Be7 38. Kf2 Ra8 39. c4 Ra2+ 40. Re2 Rxe2+ 41. Kxe2 Be6 1/2-1/2

[Event "Beirut op 9th"]
[Site "Beirut"]
[Date "2017.10.04"]
[Round "6"]
[White "Sursock, Sameer"]
[Black "Mohannad, Farhan"]
[Result "0-1"]
[WhiteElo "2033"]
[BlackElo "2243"]
[PlyCount "86"]
[EventDate "2017.09.30"]
[EventType "swiss"]
[EventRounds "9"]
[EventCountry "LBN"]
[SourceTitle "CBM 181 Extra"]
[Source "ChessBase"]
[SourceDate "2017.12.12"]
[SourceVersion "1"]
[SourceVersionDate "2017.12.12"]
[SourceQuality "1"]

1. e4 d5 2. exd5 Qxd5 3. Nc3 Qd6 4. d4 Nf6 5. Nf3 c6 6. Be2 g6 7. Bg5 Nbd7 8. Qd2 Qb4 9. 0-0 Bg7 10. a3 Qa5 11. Rfe1 0-0 12. Bc4 Qd8 13. Rad1 Nb6 14. Bb3 Nbd5 15. Ne5 Bf5 16. f3 Nxc3 17. bxc3 Nd5 18. g4 Bc8 19. Bh6 Qa5 20. Bxg7 Kxg7 21. Bxd5 cxd5 22. Nd3 Qc7 23. Re5 f6 24. Rxd5 b6 25. Qf4 Qxf4 26. Nxf4 g5 27. Nh5+ Kf7 28. Kf2 a6 29. Re1 Be6 30. Nxf6 exf6 31. Rd6 Bc4 32. Rxb6 Rab8 33. Rc6 Rbc8 34. Rb6 Rb8 35. Rc6 Rfc8 36. Rd6 Rc7 37. h4 gxh4 38. d5 Rb2 39. Rh1 Rxc2+ 40. Ke3 Re2+ 41. Kf4 Rce7 42. Rb6 Bxd5 43. Kf5 Kg7 0-1

[Event "Beirut op 9th"]
[Site "Beirut"]
[Date "2017.10.01"]
[Round "3"]
[White "Fawaz, Kassem"]
[Black "Sursock, Sameer"]
[Result "0-1"]
[WhiteElo "1719"]
[BlackElo "2033"]
[PlyCount "72"]
[EventDate "2017.09.30"]
[EventType "swiss"]
[EventRounds "9"]
[EventCountry "LBN"]
[SourceTitle "CBM 181 Extra"]
[Source "ChessBase"]
[SourceDate "2017.12.12"]
[SourceVersion "1"]
[SourceVersionDate "2017.12.12"]
[SourceQuality "1"]

1. d4 Nf6 2. c4 g6 3. Nc3 Bg7 4. Nf3 0-0 5. Bg5 c5 6. Qd2 cxd4 7. Nxd4 Nc6 8. Nf3 d6 9. e4 Bg4 10. Be2 Rc8 11. h3 Bxf3 12. gxf3 Ne5 13. b3 a6 14. f4 Ned7 15. f5 b5 16. Bh6 b4 17. Bxg7 Kxg7 18. Nd5 Nxe4 19. Qd4+ Nef6 20. fxg6 hxg6 21. 0-0-0 e5 22. Qe3 Nxd5 23. Rxd5 Nf6 24. Rd2 Qe7 25. h4 d5 26. h5 Rh8 27. f4 dxc4 28. Bxc4 Rxh5 29. Rxh5 Nxh5 30. Qxe5+ Qxe5 31. fxe5 Rc5 32. Rd7 Rxe5 33. Bxa6 Ra5 34. Bc4 Rxa2 35. Rxf7+ Kh6 36. Rb7 Rh2 0-1

[Event "LIB-ch 43rd"]
[Site "Beirut"]
[Date "2017.07.18"]
[Round "1"]
[White "Khairallah, Faisal"]
[Black "Sursock, Sameer"]
[Result "1-0"]
[WhiteElo "2273"]
[BlackElo "2101"]
[PlyCount "71"]
[EventDate "2017.07.18"]
[EventType "tourn"]
[EventRounds "11"]
[EventCountry "LBN"]
[SourceTitle "EXT 2018"]
[Source "ChessBase"]
[SourceDate "2017.10.13"]
[SourceVersion "1"]
[SourceVersionDate "2017.10.13"]
[SourceQuality "1"]

1. d4 d5 2. c4 c6 3. Nf3 Nf6 4. e3 Bf5 5. Nc3 e6 6. Nh4 Be4 7. Qb3 Qb6 8. Qxb6 axb6 9. f3 Bg6 10. Bd2 Bd6 11. Rc1 Nbd7 12. g3 0-0 13. a3 e5 14. cxd5 exd4 15. exd4 Nxd5 16. Nxd5 cxd5 17. Bb5 Rfd8 18. Kf2 Nf8 19. Nxg6 hxg6 20. Rc2 Ne6 21. Be3 Be7 22. Ke2 Bf6 23. Kd3 Rac8 24. Rhc1 Rxc2 25. Rxc2 Kf8 26. f4 Be7 27. Ba4 Bd6 28. Rc3 Ra8 29. Bd1 Nc7 30. Rb3 b5 31. Bd2 Be7 32. Be2 Bf6 33. Bb4+ Ke8 34. Ke3 Ra4 35. Rc3 Na6 36. Bxb5+ 1-0

[Event "Beirut op 8th"]
[Site "Beirut"]
[Date "2015.09.26"]
[Round "8"]
[White "Sursock, Sameer"]
[Black "Sharbel, Marwan"]
[Result "1/2-1/2"]
[WhiteElo "2260"]
[BlackElo "1943"]
[PlyCount "101"]
[EventDate "2015.09.19"]
[EventType "swiss"]
[EventRounds "9"]
[EventCountry "LBN"]
[SourceTitle "EXT 2016"]
[Source "ChessBase"]
[SourceDate "2015.10.08"]
[SourceVersion "1"]
[SourceVersionDate "2015.10.08"]
[SourceQuality "1"]

1. e4 c5 2. Nf3 d6 3. d4 cxd4 4. Nxd4 Nf6 5. Nc3 a6 6. Bc4 e6 7. Bb3 Be7 8. Be3 0-0 9. f3 Nc6 10. Qd2 Bd7 11. g4 Rc8 12. h4 Ne5 13. h5 d5 14. g5 Bc5 15. Qg2 Ne8 16. exd5 Bxd4 17. Bxd4 Qxg5 18. Qxg5 Nxf3+ 19. Kf2 Nxg5 20. h6 g6 21. Rag1 f6 22. Be3 Nd6 23. Ke2 e5 24. Bxg5 fxg5 25. Rxg5 Rf5 26. Rxf5 Bxf5 27. Re1 Kf7 28. Kd2 Kf6 29. Nd1 b5 30. Ne3 Kf7 31. c4 Kf6 32. Rc1 Kg5 33. Ke2 bxc4 34. Nxc4 Nb5 35. Rg1+ Kxh6 36. Kd2 Re8 37. Re1 e4 38. Ke3 Rd8 39. Ne5 Kg7 40. a4 Nc7 41. Rd1 Rb8 42. Bc4 Kf6 43. d6 Kxe5 44. dxc7 Rc8 45. Rd5+ Kf6 46. Rc5 Ra8 47. Bd5 Rf8 48. Bb7 Bc8 49. Bxc8 Rxc8 50. Kxe4 Ke6 51. Rc6+ 1/2-1/2

[Event "Beirut op 8th"]
[Site "Beirut"]
[Date "2015.09.20"]
[Round "2"]
[White "Sursock, Sameer"]
[Black "Jabr, Bernard"]
[Result "1-0"]
[WhiteElo "2260"]
[BlackElo "1761"]
[PlyCount "55"]
[EventDate "2015.09.19"]
[EventType "swiss"]
[EventRounds "9"]
[EventCountry "LBN"]
[SourceTitle "EXT 2016"]
[Source "ChessBase"]
[SourceDate "2015.10.08"]
[SourceVersion "1"]
[SourceVersionDate "2015.10.08"]
[SourceQuality "1"]

1. e4 d5 2. exd5 Nf6 3. d4 Nxd5 4. c4 Nb4 5. a3 N4c6 6. Be3 Bf5 7. Nf3 Nd7 8. Nc3 e5 9. d5 Ncb8 10. Be2 Be7 11. 0-0 0-0 12. b4 a5 13. c5 axb4 14. axb4 Rxa1 15. Qxa1 Bf6 16. Rd1 c6 17. dxc6 bxc6 18. Qa8 Qe7 19. b5 Rc8 20. bxc6 Rxc6 21. Nd5 Qf8 22. Nxf6+ Rxf6 23. Bb5 h6 24. c6 Nc5 25. Bxc5 Qxc5 26. Qxb8+ Kh7 27. Qxe5 Qxe5 28. Nxe5 1-0

[Event "Olympiad-29"]
[Site "Novi Sad"]
[Date "1990.12.01"]
[Round "13"]
[White "Sursock, Sameer"]
[Black "Orr, Mark JL"]
[Result "0-1"]
[WhiteElo "2270"]
[BlackElo "2375"]
[PlyCount "64"]
[EventDate "1990.11.17"]
[EventType "team-swiss"]
[EventRounds "14"]
[EventCountry "YUG"]
[SourceTitle "EXT 2019"]
[Source "ChessBase"]
[SourceDate "2018.10.10"]
[SourceVersion "1"]
[SourceVersionDate "2018.10.10"]
[SourceQuality "1"]
[WhiteTeam "Lebanon"]
[BlackTeam "Ireland"]
[WhiteTeamCountry "LBN"]
[BlackTeamCountry "IRL"]

1. e4 c6 2. d4 d5 3. exd5 cxd5 4. Bd3 Nc6 5. c3 Nf6 6. Bf4 Bg4 7. Qb3 Qd7 8. Nd2 e6 9. Ngf3 Bd6 10. Ne5 Qc7 11. Nxg4 Bxf4 12. Nxf6+ gxf6 13. Nf3 0-0-0 14. g3 Bh6 15. 0-0 Kb8 16. Rfe1 Bg7 17. Rac1 f5 18. Qa4 f4 19. b4 fxg3 20. hxg3 h5 21. b5 Na5 22. Ne5 Bxe5 23. dxe5 h4 24. Qd4 hxg3 25. fxg3 f5 26. Kg2 Rhg8 27. Be2 Nc4 28. Bf3 Rg6 29. a4 Rdg8 30. a5 Rxg3+ 31. Kf2 Qg7 32. Qf4 Rg2+ 0-1

[Event "Olympiad-29"]
[Site "Novi Sad"]
[Date "1990.11.25"]
[Round "8"]
[White "Nascimento, Alexandre"]
[Black "Sursock, Sameer"]
[Result "1-0"]
[WhiteElo "2385"]
[BlackElo "2270"]
[PlyCount "47"]
[EventDate "1990.11.17"]
[EventType "team-swiss"]
[EventRounds "14"]
[EventCountry "YUG"]
[SourceTitle "EXT 2019"]
[Source "ChessBase"]
[SourceDate "2018.10.10"]
[SourceVersion "1"]
[SourceVersionDate "2018.10.10"]
[SourceQuality "1"]
[WhiteTeam "Angola"]
[BlackTeam "Lebanon"]
[WhiteTeamCountry "ANG"]
[BlackTeamCountry "LBN"]

1. d4 Nf6 2. c4 g6 3. Nc3 Bg7 4. e4 0-0 5. Be2 d6 6. Bg5 h6 7. Be3 e5 8. d5 c6 9. Qd2 cxd5 10. cxd5 h5 11. Nf3 Ng4 12. Bg5 Qb6 13. h3 Qxf2+ 14. Kd1 Nf6 15. Be3 Qg3 16. Bd3 Na6 17. Rh2 Bg4 18. hxg4 Nxg4 19. Ne2 Nxe3+ 20. Qxe3 Qg4 21. Rh4 Qxg2 22. Kd2 Bh6 23. Qxh6 Qxf3 24. Rg1 1-0

[Event "Doha"]
[Site "Doha"]
[Date "1989.??.??"]
[Round "?"]
[White "Al Modiahki, Mohamad"]
[Black "Sursock, Sameer"]
[Result "0-1"]
[WhiteElo "2235"]
[BlackElo "2215"]
[PlyCount "50"]
[EventDate "1989.??.??"]
[EventType "tourn"]
[EventRounds "11"]
[EventCountry "QAT"]
[SourceTitle "EXT 2004"]
[Source "ChessBase"]
[SourceDate "2003.11.25"]
[SourceVersion "1"]
[SourceVersionDate "2003.11.25"]
[SourceQuality "1"]

1. e4 c5 2. Nc3 Nc6 3. f4 g6 4. Nf3 Bg7 5. Bc4 e6 6. f5 Nge7 7. fxe6 fxe6 8. d3 d5 9. Bb3 b5 10. a4 b4 11. Ne2 Na5 12. Ba2 dxe4 13. Ng5 b3 14. cxb3 exd3 15. Nf4 Nd5 16. Nxd3 0-0 17. Nf3 Nb4 18. Nxb4 Qxd1+ 19. Kxd1 cxb4 20. Bd2 Rd8 21. Ke2 Ba6+ 22. Kf2 Nc6 23. Rac1 Ne5 24. Rc2 Nd3+ 25. Kg3 e5 0-1